000 00680nam a2200205 a 4500
005 20140310183254.0
008 041020s19uu xx 00 eng d
050 _aRT 81.5
_b.St86 2004
100 _aStommel, Manfred
245 _aClinical research :
_bconcepts and principles for advanced practice nurses /
_cManfred Stommel.
260 _aUnited States,
_bLippincott Williams & Wilkins,
_c2004.
300 _a462 p. :
_c23 cm.
650 _aNursing
_xResearch
_xMethodology.
650 _aQualitative research.
650 _aResearch Design.
650 _aClinical medicine
_xResearch
_xMethodology.
700 _aWills, Celia E.
942 _cBK
_2lcc
_kFOR
999 _c20819
_d20819